000 00590nam a22002297a 4500
003 UA-OsUOA
001 93278
007 ta
008 20130117b un ||||| |||| 00| 0 ukr d
100 _aГалл І.
090 _a821.511.141
_bГ16
942 _cBK
040 _aUA-OsUOA
_bukr
_cUA-OsUOA
_dUA-OsUOA
245 _aСонцелюб
_bроман
300 _a168 с.
955 _a3
041 _aukr
080 _a821.511.141
260 _aУжгород
_bКарпати
_c1983
650 7 _a82 Література. Літературознавство
_2UDC
999 _c379518
_d379518